00873nam a2200241 i 45000010005000000030009000050050017000140080041000310200018000720800022000900800024001121000025001362450097001612500012002582600037002703000030003074900036003376500055003738300044004288520022004729990015004949520122005095567ES-MaACL20230906144626.0881118s1988 sp a |||| | spa d a84-7658-062-2 a37(46)"1900/1920" a2:37(46)"1900/1920"1 aYetano, Ana.911763213aLa enseñanza religiosa en la España de la Restauración b: (1900-1920) / cAna Yetano. a1ª ed. aBarcelona : bAnthropos, c1988. a410 p. : bil. ; c20 cm.1 aHistoria, ideas y textos ; v1414aReligión-xEnseñanza-zEspaña-yS.XX.9167980 aHistoria, ideas y textos ; v149177280 aES-MaACLjL-12257 c5567d5567 00104070aATENEOMbATENEOMcDEPO2d2008-01-17eSCl0oL-12257p1005641r2023-02-23 00:00:00w2023-02-23yMONOGRAFIA